00473nam a2200121Ia 4500008004100000100002000041245006100061245005200122260000900174856007600183999001900259952007300278160531s9999 xx 000 0 und d aStriedter, G.F. aIn the Light of Evolution: Volume VI: Brain and Behavior cby G.F. Striedter, J.C. Avise, F.J. Ayala (eds) c2013 uhttp://www.ncbi.nlm.nih.gov/books/NBK207171/pdf/Bookshelf_NBK207171.pdf c295110d295110 001040aCLbCLd2016-05-31l0r2016-05-31 00:00:00w2016-05-31yCBE